Thiết kế nhà máy điện và trạm biến áp Phần điện

DT Nhà máy điện và trạm biến áp

Wedi'i Gadw mewn:
Manylion Llyfryddiaeth
Prif Awdur: Huỳnh, Nhơn
Fformat: Llyfr
Iaith:Undetermined
Cyhoeddwyd: TP.HCM Đại học Quốc gia TP.HCM 2007
Pynciau:
Mynediad Ar-lein:http://lrc.tdmu.edu.vn/opac/search/detail.asp?aID=2&ID=3782
Tagiau: Ychwanegu Tag
Dim Tagiau, Byddwch y cyntaf i dagio'r cofnod hwn!
Thư viện lưu trữ: Trung tâm Học liệu Trường Đại học Thủ Dầu Một
LEADER 00770nam a2200217Ia 4500
001 TDMU_3782
008 210410s9999 xx 000 0 und d
082 |a 621.31 
090 |b H986 
100 |a Huỳnh, Nhơn 
245 0 |a Thiết kế nhà máy điện và trạm biến áp 
245 0 |b Phần điện 
245 0 |c Huỳnh Nhơn 
260 |a TP.HCM 
260 |b Đại học Quốc gia TP.HCM 
260 |c 2007 
300 |a 330tr. 
520 |a DT Nhà máy điện và trạm biến áp 
650 |a Trạm biến áp  |x Thiết kế; Nhà máy điện  |x Thiết kế 
856 |u http://lrc.tdmu.edu.vn/opac/search/detail.asp?aID=2&ID=3782 
980 |a Trung tâm Học liệu Trường Đại học Thủ Dầu Một